Rodzaje chmur - Statystyki

Ogólne statystyki
  • Ten quiz został rozwiązany 44 razy
  • Średni wynik to 9 z 10
Statystyki odpowiedzi
Obrazkowy Odpowiedź % Poprawnych
Cumulus / Cu / chmura kłębiasta
100%
Cirrus / Ci / chmura pierzasta
97%
Cumulonimbus / Cb / chmura kłębiasta deszczowa
94%
Stratus / St / chmura warstowa
94%
Cirrostratus / Cs / chmura warstwowo-pierzasta
91%
Altocumulus / Ac / chmura kłębiasta
88%
Nimbostratus / Ns / chmura warstwowo-deszczowa
88%
Altostratus / As / chmura warstwowa
85%
Cirrocumulus / Cc / chmura kłębiasto-pierzasta
85%
Stratocumulus / Sc / chmura kłębisto-warstwowa
85%
Nie znaleziono quizów pasujących do podanych kryteriów
Rozkład punktacji
Procent ludzi z każdym wynikiem
Percentyl według liczby udzielonych odpowiedzi
Twoja historia wyników
Nie rozwiązałeś tego quizu